| 000 | 00000nam##2200000za#4500 |
| 001 | 9.624546 |
| 003 | CaOODSP |
| 005 | 20240212134142 |
| 007 | ta |
| 008 | 150406|1997||||xxc||||| f|0| 0 fre|d |
| 020 | |a0-662-82267-6 |
| 022 | |a1713-0646 |
| 040 | |aCaOODSP|bfre |
| 043 | |an-cn--- |
| 086 | 1 |aNE22-1/1997-11F |
| 110 | 1 |aCanada. |bOffice national de l'énergie. |
| 245 | 10|aTransCanada PipeLines Limited : |bdemande datée du 19 mars 1997, révisée le 29 avril 1997, visant les nouveaux droits exigibles à compter du 1er janvier 1997; et demande datée du 6 mai 1997 visant l'approbation de la proposition de conversion du SGO de TransCanada |
| 260 | |aCalgary - Alberta : |bOffice national de l'énergie |cSeptember 1997. |
| 300 | |aviii, 31p. : |btableaux ; |c28 cm. |
| 490 | 1 |aMotifs de décision|x1713-0646 |
| 563 | |aCouverture souple |
| 590 | |a97-39|b1997-09-26 |
| 776 | 0#|tMotifs de décision relativement à TransCanada PipeLines Limited : |w(CaOODSP)9.602856 |
| 830 | #0|aMotifs de décision (Canada. Office national de l'énergie)|x1713-0646|w(CaOODSP)9.513162 |
| 986 | |aRH-1-97 |